| 000 | 00748nam a22002057a 4500 | ||
|---|---|---|---|
| 999 |
_c12912 _d12912 |
||
| 005 | 20210325181838.0 | ||
| 008 | s2546 th j tha d | ||
| 020 | _a9743230637 | ||
| 040 | _aNALT | ||
| 041 | _atha | ||
| 090 |
_aSC _bส851น 2546 |
||
| 100 | 0 |
_aสุรเธียร จักรธรานนท์ _914910 |
|
| 245 | 1 | 0 |
_aนาทีที่เปลี่ยนประวัติศาสตร์ / _cสุรเธียร จักรธรานนท์. |
| 260 |
_aกรุงเทพฯ : _bมติชน, _c2546. |
||
| 300 |
_a139 หน้า ; _b _c21 ซม. |
||
| 650 | 4 |
_aเรื่องสั้น _9460 |
|
| 850 | _aNALT | ||
| 942 |
_cSHT _2local |
||